|
|
|
|
| LEADER |
00000nam a2200000 a 4500 |
| 001 |
vtls001306170 |
| 003 |
SK-MaSNL |
| 005 |
20260301235226.0 |
| 008 |
240314s1997 xr a cze |
| 020 |
|
|
|a 8071811815
|c b.c.
|
| 035 |
|
|
|a SNK000258417
|
| 035 |
|
|
|a urn:nbn:sk:snk-amyhuj
|
| 035 |
|
|
|a urn:nbn:sk:snk-am00ck16
|
| 035 |
|
|
|a 0A1FE746-33EC-464A-9756-1016612F6C41
|
| 040 |
|
|
|a SNK
|b slo
|c SNK
|e AACR2
|
| 041 |
0 |
|
|a cze
|
| 044 |
|
|
|a CZ
|
| 080 |
|
|
|a 636.7.082(084.12)
|2 1981
|
| 100 |
1 |
|
|a Fogle, Bruce,
|d 1944-
|4 aut
|9 216621
|
| 245 |
1 |
0 |
|a Já pes
|b velká kniha péče o psa
|c Bruce Fogle ; [z anglického originálu přeložil Jiří Cibulka]
|
| 250 |
|
|
|a 3. vyd.
|
| 260 |
|
|
|a Praha
|b Cesty
|c 1997
|e Martin
|f Neografia
|
| 300 |
|
|
|a 191 s.
|c 26 cm
|
| 650 |
0 |
7 |
|a psi
|x chov
|x príručky
|2 SNK
|9 632189
|
| 919 |
|
|
|a 80-7181-181-5
|
| 958 |
|
|
|a OND
|
| 999 |
|
|
|c 974064
|d 975994
|
| 952 |
|
|
|t P60, <03>, [BOOK], {603}
|a SNK
|b SNK
|y PREZ
|7 0
|p 17A0103939
|o snkSB 57761
|i snkKSP 10862/97
|0 0
|1 0
|4 0
|d 1997-10-21
|f 1
|l 0
|r 2025-04-07 00:00:00
|w 2026-02-24
|